The history of cartography
| Main Authors: | , |
|---|---|
| Content type: | Book |
| Published: |
Chicago [etc.]:
University of Chicago Press
|
| Source: | MPIPL_cat |
MARC
| LEADER | 00000cam a2200000 ua4500 | ||
|---|---|---|---|
| 001 | PL0053652 | ||
| 003 | PLI01000000000000000053334 | ||
| 005 | 00000000000000.0 | ||
| 100 | 1 | |a Harley, John B. |e [ed.] | |
| 245 | 0 | 4 | |a The history of cartography |c J.B. Harley and David Woodward |
| 260 | |a Chicago [etc.] |b University of Chicago Press | ||
| 696 | |a Harley, John Brian | ||
| 700 | 1 | |a Woodward, David |e [ed.] | |
| 989 | |a STANDING ORDER | ||
| 996 | |a Multi-Volume Work | ||